| 000 | 01463nam a22003377i 4500 | ||
|---|---|---|---|
| 003 | EG-ScBUE | ||
| 005 | 20220920101358.0 | ||
| 008 | 200219s2013 enkab f b 001 0 eng d | ||
| 020 | _a9780273737315 | ||
| 040 |
_aEG-ScBUE _beng _erda _cEG-ScBUE _dEG-ScBUE |
||
| 082 | 0 | 4 |
_a332.1091767 _222 _bHAS |
| 100 | 1 |
_aHassan, Kabir, _eauthor. |
|
| 245 | 1 | 0 |
_aIntroduction to Islamic banking & finance : _bprinciples and practice / _cM. Kabir Hassan, Ph.D., University of New Orleans, United States of America, Rasem N. Kayed, Ph.D., Arab American University Jenin, Palestine, Umar A. Oseni, Ph.D., International Islamic University, Malaysia. |
| 264 | 1 |
_aHarlow, England : _bPearson Education Limited, _c2013. |
|
| 300 |
_axxi, 436 pages : _billustrations (black and white, and colour), 1 map (colour) ; _c28 cm |
||
| 336 |
_atext _2rdacontent _btxt |
||
| 336 |
_astill image _2rdacontent _btxt |
||
| 336 |
_acartographic image _2rdacontent _btxt |
||
| 337 |
_aunmediated _2rdamedia _bn |
||
| 338 |
_avolume _2rdacarrier _bnc |
||
| 500 |
_aFormerly CIP. _5Uk |
||
| 504 | _aIncludes bibliographical references and index. | ||
| 650 | 7 |
_aBanks and banking _xReligious aspects _xIslam. _2BUEsh |
|
| 650 | 7 |
_aFinance _xReligious aspects _xIslam. _2BUEsh |
|
| 653 |
_bBUSADM _cSeptember2022 |
||
| 655 |
_vReading book _934232 |
||
| 700 | 1 |
_aKayed, Rasem N., _eauthor. |
|
| 700 | 1 |
_aOseni, Umar A., _eauthor. |
|
| 942 |
_2ddc _cBB |
||
| 999 |
_c29930 _d29901 |
||